000 00730nam a2200217Ii 4500
003 JO-AjNU
008 230605s9999||||xx |||||||||||||| ||und||
017 _a1988/10/134
040 _aJO-AjNU
_bara
_erda
_cJO-AjNU
041 _aara
050 1 4 _aB798.A7 F2888 1988
100 3 _aمحمود، فايز ,
_eauthor
_948754
245 0 0 _aاوراق فلسفية
250 _aط1
264 3 1 _aعمان: منشورات وزارة الثقافة والتراث القومي ، 1988
300 _a107ص
_b منشورات وزارة الثقافة والتراث القومي 3
336 _atext
_btxt
_2rdacontent
337 _aunmediated
_bn
_2rdamedia
338 _avolume
_bnc
_2rdacarrier
650 4 _aالفلسفة
_948755
999 _aA21372
_c24940
_d24940